[Event "Aeroflot Open A 2018"]
[Site "Moscow RUS"]
[Date "2018.02.21"]
[Round "2.28"]
[White "Debashis, Das"]
[Black "Jumabayev, Rinat"]
[Result "0-1"]
[WhiteTitle "GM"]
[BlackTitle "GM"]
[WhiteElo "2501"]
[BlackElo "2614"]
[WhiteFideId "5024854"]
[BlackFideId "13702661"]
[EventDate "2018.02.20"]

1. d4 d6 2. Nf3 Nf6 3. c4 g6 4. Nc3 Bf5 5. Bg5 Ne4 6. Nxe4 Bxe4 7. e3 c5 8. Nd2
Qa5 9. d5 h6 10. Bh4 g5 11. Bg3 Bg7 12. Qb3 Nd7 13. f3 Bg6 14. Be2 b5 15. cxb5
c4 16. Qxc4 Bxb2 17. Rd1 Bc3 18. e4 O-O 19. Qd3 Rac8 20. O-O Qxa2 21. Bf2 Rc7
22. Nc4 Rfc8 23. Ne3 Ne5 24. Qc2 Qa3 25. Qb1 Ba5 26. Qa1 Qxa1 27. Rxa1 Bb6 28.
Rfe1 Kf8 29. Bf1 h5 30. Nd1 Rc1 31. Rxc1 Rxc1 32. Bxb6 axb6 33. Kf2 Nc4 34. Bd3
g4 35. Rf1 Nd2 36. Re1 gxf3 37. gxf3 h4 38. Be2 Nc4 39. Bxc4 Rxc4 40. Re2 Rc1
41. Ne3 Rb1 42. Ng2 h3 43. Nf4 Rxb5 44. Nxh3 e5 45. dxe6 fxe6 46. Nf4 Bf7 47.
Nd3 Rb3 48. Ke3 e5 49. Rb2 Ra3 50. Rxb6 Bc4 51. Rxd6 Ke7 52. Rd5 Bxd5 53. exd5
Kd6 54. Ke4 Ra2 55. Ke3 Ra4 56. f4 e4 57. Nb2 Rb4 58. Nd1 Rc4 59. f5 Ke5 60. f6
Ra4 61. Nf2 Ra3+ 62. Ke2 Kxd5 63. Ng4 Rf3 64. h4 Rf4 65. Ne3+ Kd4 66. h5 Rxf6
67. h6 Rf3 68. Ng4 Rg3 69. h7 Rh3 70. Nf6 0-1

[Event "Aeroflot Open A 2018"]
[Site "Moscow RUS"]
[Date "2018.02.21"]
[Round "2.29"]
[White "Gagare, Shardul"]
[Black "Paravyan, David"]
[Result "0-1"]
[WhiteTitle "GM"]
[BlackTitle "GM"]
[WhiteElo "2494"]
[BlackElo "2603"]
[WhiteFideId "5037883"]
[BlackFideId "4194985"]
[EventDate "2018.02.20"]

1. d4 Nf6 2. c4 g6 3. g3 Bg7 4. Bg2 d5 5. cxd5 Nxd5 6. Nf3 O-O 7. O-O Nb6 8. Bf4
Nc6 9. e3 h6 10. h4 f6 11. e4 e5 12. Qb3+ Kh8 13. dxe5 fxe5 14. Be3 Nd4 15. Bxd4
exd4 16. Nbd2 Qe7 17. a4 Be6 18. Qd3 c5 19. b3 Rae8 20. Rfc1 Nd7 21. Ra2 Rf7 22.
e5 Bf5 23. Qb5 Nxe5 24. Nxe5 Bxe5 25. Rxc5 d3 26. Rd5 a6 27. Qb6 Bg7 28. Kh2 Rf6
29. Qa7 Re6 30. Nc4 Re2 31. Rd2 Rf8 32. Bf3 Be4 33. Bxe2 Bxd5 34. Rxd3 Qxe2 0-1

[Event "Aeroflot Open A 2018"]
[Site "Moscow RUS"]
[Date "2018.02.21"]
[Round "2.30"]
[White "Belyakov, Bogdan"]
[Black "Gupta, Abhijeet"]
[Result "0-1"]
[WhiteTitle "IM"]
[BlackTitle "GM"]
[WhiteElo "2486"]
[BlackElo "2598"]
[WhiteFideId "24104795"]
[BlackFideId "5010608"]
[EventDate "2018.02.20"]

1. e4 e6 2. d4 d5 3. Nc3 Nf6 4. Bg5 dxe4 5. Nxe4 Be7 6. Bxf6 gxf6 7. Nf3 f5 8.
Nc3 a6 9. g3 b5 10. Bg2 Bb7 11. O-O Bf6 12. Ne5 Bxg2 13. Kxg2 Bxe5 14. dxe5 Nc6
15. f4 Nd4 16. Qd3 Qd7 17. a4 Qc6+ 18. Kh3 Rd8 19. axb5 axb5 20. Rfd1 Rg8 21.
Qf1 Rg6 22. g4 fxg4+ 23. Kg3 Qf3+ 24. Qxf3 gxf3+ 25. Kf2 Rg2+ 26. Ke3 c5 27.
Rxd4 cxd4+ 28. Kxf3 dxc3 29. Kxg2 cxb2 30. Rb1 Rd2+ 31. Kf3 Rxc2 32. h3 b4 33.
Kg4 Kd7 34. Kg5 Rg2+ 35. Kf6 Ke8 36. f5 Rf2 37. Kg7 exf5 38. Kf6 f4 39. Kf5 Ke7
40. h4 f3 0-1

[Event "Aeroflot Open A 2018"]
[Site "Moscow RUS"]
[Date "2018.02.21"]
[Round "2.31"]
[White "Tari, Aryan"]
[Black "Hakobyan, Aram"]
[Result "1/2-1/2"]
[WhiteTitle "GM"]
[BlackTitle "IM"]
[WhiteElo "2597"]
[BlackElo "2497"]
[WhiteFideId "1510045"]
[BlackFideId "13306677"]
[EventDate "2018.02.20"]

1. e4 e5 2. Nf3 Nc6 3. Bb5 a6 4. Ba4 d6 5. c3 f5 6. exf5 Bxf5 7. O-O Bd3 8. Re1
Be7 9. Bc2 Bxc2 10. Qxc2 Nf6 11. Ng5 Qd7 12. d4 exd4 13. Ne6 d3 14. Qb3 d5 15.
Qxb7 Kf7 16. Qxc7 Qxc7 17. Nxc7 Rac8 18. Ne6 d4 19. Nxd4 Nxd4 20. cxd4 Rc2 21.
Rd1 Nd5 22. Be3 Rhc8 23. Nd2 Rxb2 24. Nf3 1/2-1/2

[Event "Aeroflot Open A 2018"]
[Site "Moscow RUS"]
[Date "2018.02.21"]
[Round "2.32"]
[White "Martirosyan, Haik M."]
[Black "Raja, Harshit"]
[Result "1/2-1/2"]
[WhiteTitle "GM"]
[BlackTitle "IM"]
[WhiteElo "2586"]
[BlackElo "2448"]
[WhiteFideId "13306553"]
[BlackFideId "5089000"]
[EventDate "2018.02.20"]

1. d4 Nf6 2. Nf3 d5 3. c4 e6 4. Nc3 c6 5. Bg5 h6 6. Bxf6 Qxf6 7. e3 g6 8. Be2
Bg7 9. O-O O-O 10. Qc2 Qe7 11. Rac1 Rd8 12. Rfd1 Nd7 13. e4 dxc4 14. Bxc4 e5 15.
d5 Nb6 16. Bb3 Bg4 17. Qe2 cxd5 18. Nxd5 Nxd5 19. Bxd5 Rac8 20. Rxc8 Rxc8 21. h3
Bxf3 22. Qxf3 Rc7 23. Bb3 b6 24. g3 Bf6 25. h4 h5 26. Kg2 Kg7 27. Qd3 Rc8 28.
Qa6 Rc7 29. Qb5 Rc5 30. Qa4 Rc7 31. Rd3 Qc5 32. Rd5 Qc1 33. Rd7 Qc5 34. Rd3 Kf8
35. Rf3 Kg7 36. Bd5 Qc2 37. Qe8 Qc5 38. b4 Qe7 39. Qb5 Qd7 40. Qd3 Qg4 41. Kh2
g5 1/2-1/2

[Event "Aeroflot Open A 2018"]
[Site "Moscow RUS"]
[Date "2018.02.21"]
[Round "2.33"]
[White "Pogonina, Natalija"]
[Black "Svane, Rasmus"]
[Result "0-1"]
[WhiteTitle "WGM"]
[BlackTitle "GM"]
[WhiteElo "2478"]
[BlackElo "2586"]
[WhiteFideId "4147855"]
[BlackFideId "4657101"]
[EventDate "2018.02.20"]

1. d4 d5 2. c4 c6 3. e3 Nf6 4. Nc3 e6 5. Nf3 Nbd7 6. Qc2 Bd6 7. Bd3 O-O 8. O-O
dxc4 9. Bxc4 e5 10. Bb3 h6 11. h3 Re8 12. a3 Bc7 13. Rd1 e4 14. Nd2 Qe7 15. Nf1
Nb6 16. Ba2 Nfd5 17. Nxd5 cxd5 18. Bd2 Bxh3 19. gxh3 Qg5+ 20. Kh1 Rac8 21. Rdc1
Qh5 22. Qd1 Qxh3+ 23. Kg1 Re6 24. Rxc7 Rg6+ 25. Ng3 Rxc7 26. Rc1 Rxc1 27. Qxc1
h5 28. Qf1 Qg4 29. Kh2 Qf3 30. Bb3 Nc4 31. Bxc4 dxc4 32. Ne2 Rg4 33. Nf4 Rh4+
34. Nh3 g5 35. Qg2 g4 36. Qxf3 exf3 37. Kg1 Rxh3 38. e4 h4 39. d5 g3 40. Bf4
Rh1+ 0-1

[Event "Aeroflot Open A 2018"]
[Site "Moscow RUS"]
[Date "2018.02.21"]
[Round "2.34"]
[White "Sarana, Alexey"]
[Black "Iniyan, P"]
[Result "1/2-1/2"]
[WhiteTitle "GM"]
[BlackTitle "IM"]
[WhiteElo "2577"]
[BlackElo "2460"]
[WhiteFideId "24133795"]
[BlackFideId "25002767"]
[EventDate "2018.02.20"]

1. d4 Nf6 2. c4 g6 3. Nc3 Bg7 4. Nf3 O-O 5. e4 d6 6. Be2 e5 7. Be3 Ng4 8. Bg5 f6
9. Bh4 Nc6 10. d5 Ne7 11. Nd2 Nh6 12. f3 g5 13. Bf2 f5 14. Qc2 Ng6 15. O-O-O
fxe4 16. Ndxe4 Nf5 17. Kb1 a6 18. Qd2 Bh6 19. Qc2 Bg7 20. Qd2 Bh6 21. Qc2 1/2-1/2

[Event "Aeroflot Open A 2018"]
[Site "Moscow RUS"]
[Date "2018.02.21"]
[Round "2.37"]
[White "Kotronias, Vasilios"]
[Black "Indjic, Aleksandar"]
[Result "1/2-1/2"]
[WhiteTitle "GM"]
[BlackTitle "GM"]
[WhiteElo "2529"]
[BlackElo "2612"]
[WhiteFideId "5900212"]
[BlackFideId "911925"]
[EventDate "2018.02.20"]

1. e4 e5 2. Nf3 Nc6 3. Bb5 a6 4. Ba4 Nf6 5. O-O Be7 6. Re1 b5 7. Bb3 d6 8. c3
O-O 9. h3 Na5 10. Bc2 c5 11. d4 Nd7 12. Nbd2 exd4 13. cxd4 Nc6 14. d5 Nce5 15.
a4 Rb8 16. Nxe5 Nxe5 17. f4 Ng6 18. Nf3 Bh4 19. Nxh4 Qxh4 20. f5 Ne5 21. Rf1 b4
22. Bf4 Qe7 23. Bd3 f6 24. Rf2 a5 25. Bb5 Nf7 26. Qc2 Bd7 27. Bc4 Rfe8 28. Re2
b3 29. Qc3 Rb4 30. Ra3 Bxa4 31. Re3 Reb8 32. Bg3 h6 33. Qc1 Ne5 34. Be2 Bb5 35.
Rxa5 Bxe2 36. Rxe2 Nf7 37. Qe3 Ng5 38. Qd3 Rd4 39. Qa6 Nxe4 40. Kh2 Qd7 41. Qa7
Qxa7 42. Rxa7 Re8 43. Re3 c4 44. Ra4 Rd3 45. Re1 Kf7 46. Bf4 Rd4 47. Rc1 Nc5 48.
Raxc4 Rxd5 49. Bxd6 Nd3 50. Rc7+ Kg8 51. Rc8 Nxc1 52. Rxe8+ Kh7 53. Bf8 Rxf5 54.
Re7 Rg5 55. Rb7 Kg8 56. Bb4 Rd5 57. Rb8+ Kh7 58. Rb7 h5 59. Bf8 Rg5 60. Bb4 Rd5
61. Bf8 Rg5 62. Bb4 Ne2 63. Bd2 Rd5 64. Bc3 Rd6 65. Rxb3 1/2-1/2

[Event "Aeroflot Open A 2018"]
[Site "Moscow RUS"]
[Date "2018.02.21"]
[Round "2.38"]
[White "Alekseenko, Kirill"]
[Black "Goryachkina, Aleksandra"]
[Result "1/2-1/2"]
[WhiteTitle "GM"]
[BlackTitle "WGM"]
[WhiteElo "2609"]
[BlackElo "2493"]
[WhiteFideId "4135539"]
[BlackFideId "4147103"]
[EventDate "2018.02.20"]

1. e4 c6 2. d4 d5 3. e5 Bf5 4. Nf3 e6 5. Be2 c5 6. Be3 Qb6 7. Nc3 Nc6 8. Na4
Qa5+ 9. c3 cxd4 10. Nxd4 Nxd4 11. Bxd4 Ne7 12. Nc5 Qc7 13. O-O Nc6 14. Rc1 Be7
15. g4 Bg6 16. f4 h5 17. f5 Bxc5 18. fxg6 Bxd4+ 19. cxd4 O-O 20. Qd3 Qb6 21.
gxf7+ Rxf7 22. Rxf7 Kxf7 23. gxh5 Qxd4+ 24. Qxd4 Nxd4 25. Rc7+ Kg8 26. Bg4 Rf8
27. Rxb7 Rf7 28. Rb8+ Rf8 29. Rxf8+ Kxf8 30. Kf2 Kf7 31. Ke3 Nc6 32. Kf4 Nb4 33.
Be2 Nxa2 34. Ke3 Nb4 35. Bb5 Nc2+ 36. Kd3 Ne1+ 37. Ke2 Ng2 38. Kf3 Nh4+ 39. Kf4
Nf5 40. Bd3 Nd4 41. Ke3 1/2-1/2

[Event "Aeroflot Open A 2018"]
[Site "Moscow RUS"]
[Date "2018.02.21"]
[Round "2.39"]
[White "Oparin, Grigoriy"]
[Black "Bellaiche, Anthony"]
[Result "1/2-1/2"]
[WhiteTitle "GM"]
[BlackTitle "IM"]
[WhiteElo "2607"]
[BlackElo "2485"]
[WhiteFideId "24125890"]
[BlackFideId "615668"]
[EventDate "2018.02.20"]

1. Nf3 d5 2. g3 Nf6 3. Bg2 Bf5 4. c4 c6 5. O-O e6 6. cxd5 exd5 7. d3 Be7 8. a3
O-O 9. b4 a5 10. bxa5 Qxa5 11. Nbd2 Qa4 12. Rb1 Qxd1 13. Rxd1 Bc8 14. Nb3 Re8
15. Rd2 Ra4 16. Rc2 Na6 17. h3 Nd7 18. Nfd4 Ndc5 19. Bf1 Nxb3 20. Nxb3 h5 21. e3
h4 22. g4 f5 23. gxf5 Bxf5 24. Nd4 Bc8 25. Kg2 Bf6 26. Bb2 Bxd4 27. Bxd4 Rxa3
28. Be2 Re7 29. Rb6 Bf5 30. Rd2 Bg6 31. Rdb2 c5 32. Rxg6 cxd4 33. exd4 Ra4 34.
Rg4 Nb4 35. Rxh4 Ra2 36. Rxb4 Rexe2 37. Rf4 Reb2 38. Rxb2 Rxb2 39. Rf5 Rb3 40.
Rxd5 Rxd3 41. h4 b5 42. Kf1 Rd2 43. Ke1 Rb2 44. h5 Kf7 45. Rd6 Ke7 46. Rg6 Kf7
47. d5 Rb4 48. Rb6 Re4+ 49. Kf1 b4 50. Rb7+ Kf6 51. d6 Rd4 52. d7 b3 53. Rxb3 1/2-1/2

[Event "Aeroflot Open A 2018"]
[Site "Moscow RUS"]
[Date "2018.02.21"]
[Round "2.40"]
[White "Tran, Tuan Minh"]
[Black "Kobalia, Mikhail"]
[Result "1-0"]
[WhiteTitle "GM"]
[BlackTitle "GM"]
[WhiteElo "2522"]
[BlackElo "2599"]
[WhiteFideId "12401820"]
[BlackFideId "4119150"]
[EventDate "2018.02.20"]

1. d4 f5 2. c4 Nf6 3. Nc3 d6 4. Bg5 Nbd7 5. e3 e6 6. Bd3 g6 7. Nge2 e5 8. f3 Bg7
9. O-O O-O 10. Qc2 c6 11. Rad1 Qe7 12. b4 Re8 13. Qb3 Kh8 14. Bc2 Nb6 15. d5 a5
16. bxa5 Nbd7 17. dxc6 bxc6 18. Na4 Ba6 19. Rfe1 Qe6 20. Qb4 c5 21. Qd2 Bf8 22.
Bb3 Rab8 23. Bxf6+ Nxf6 24. Nb6 Red8 25. Nc3 e4 26. f4 h6 27. Rf1 Rb7 28. Qf2
Ra7 29. Qd2 g5 30. Ncd5 Rf7 31. h3 Bg7 32. Qf2 g4 33. Nxf6 Bxf6 34. hxg4 Rg7 35.
gxf5 Qf7 36. Bc2 Qh5 37. Bxe4 Bh4 38. Qf3 Rg4 39. Qh3 Rg3 40. Bf3 Rxh3 41. Bxh5
Rxe3 42. Rf3 Re4 43. Bf7 Bf6 44. Kh2 Re2 45. a4 Bd4 46. Rh3 Kh7 47. Bh5 Re4 48.
Bf3 Rxf4 49. Nd5 Rxf3 50. Rxf3 Bxc4 51. Rxd4 cxd4 52. Nb6 Ba6 53. Rf4 d3 54. Rd4
Rf8 55. Rd5 Rf7 56. g4 Re7 57. Kg3 Re2 58. Rxd6 d2 59. Rd7+ Kh8 60. Rd8+ Kg7 61.
Rd7+ Kf6 62. Nd5+ Ke5 63. Nb4 Re3+ 64. Kf2 Re2+ 65. Kf3 Bc4 66. a6 Kf6 67. a7
Re7 68. Rd6+ Ke5 69. Rxd2 1-0

[Event "Aeroflot Open A 2018"]
[Site "Moscow RUS"]
[Date "2018.02.21"]
[Round "2.41"]
[White "Gholami, Aryan"]
[Black "Predke, Alexandr"]
[Result "1/2-1/2"]
[WhiteTitle "IM"]
[BlackTitle "GM"]
[WhiteElo "2489"]
[BlackElo "2595"]
[WhiteFideId "12513342"]
[BlackFideId "24107581"]
[EventDate "2018.02.20"]

1. d4 Nf6 2. Nf3 e6 3. Bf4 c5 4. e3 Nc6 5. Nbd2 d5 6. c3 Be7 7. Bd3 Nh5 8. Be5
Nxe5 9. dxe5 g6 10. Qc2 Bd7 11. h4 Qc7 12. g4 Ng7 13. h5 gxh5 14. gxh5 h6 15.
Rg1 Bf8 16. O-O-O Nxh5 17. Rg2 Ng7 18. Rdg1 Nf5 19. Bxf5 exf5 20. Nf1 O-O-O 21.
Ng3 Qc6 22. Nxf5 d4 23. N3h4 dxc3 24. Qxc3 Be6 25. f4 Qa6 26. Rd2 Rxd2 27. Kxd2
Qc4 28. e4 Qa6 29. Ke3 Qb6 30. Nd6+ Bxd6 31. exd6 Re8 32. e5 Bd7 33. Kf2 Qc6 34.
Rc1 b6 35. b4 Qe4 36. Qc4 Qxc4 37. Rxc4 Kb7 38. bxc5 Rc8 39. f5 bxc5 40. Rg4 Re8
41. e6 fxe6 42. fxe6 Rxe6 43. Rg7 1/2-1/2

[Event "Aeroflot Open A 2018"]
[Site "Moscow RUS"]
[Date "2018.02.21"]
[Round "2.42"]
[White "Sargsyan, Shant"]
[Black "Tabatabaei, M.amin"]
[Result "0-1"]
[WhiteTitle "IM"]
[BlackTitle "IM"]
[WhiteElo "2481"]
[BlackElo "2577"]
[WhiteFideId "13306766"]
[BlackFideId "12521213"]
[EventDate "2018.02.20"]

1. d4 e6 2. c4 b6 3. e4 Bb7 4. Bd3 Nc6 5. Ne2 g6 6. Nbc3 Bg7 7. Be3 Nge7 8. O-O
O-O 9. a3 f5 10. f3 fxe4 11. fxe4 Rxf1+ 12. Qxf1 d5 13. cxd5 exd5 14. e5 Qd7 15.
g3 Na5 16. Nf4 c5 17. Rd1 cxd4 18. Bxd4 Nac6 19. Bb5 Rf8 20. Qg2 a6 21. e6 Bxd4+
22. Rxd4 Qd6 23. Bxc6 Bxc6 24. h4 Nf5 25. Rxd5 Bxd5 26. Qxd5 Qe7 27. Qe5 Nxg3
28. Ncd5 Qc5+ 29. Kg2 Nh5 30. Qe4 Nxf4+ 31. Nxf4 Qf5 32. Kf3 Qh3+ 33. Ke2 Qg4+
34. Ke3 Qg3+ 35. Qf3 Qxh4 0-1

[Event "Aeroflot Open A 2018"]
[Site "Moscow RUS"]
[Date "2018.02.21"]
[Round "2.43"]
[White "Gallego Alcaraz, Andres Felipe"]
[Black "Chigaev, Maksim"]
[Result "1/2-1/2"]
[WhiteTitle "IM"]
[BlackTitle "GM"]
[WhiteElo "2461"]
[BlackElo "2560"]
[WhiteFideId "4402669"]
[BlackFideId "4108116"]
[EventDate "2018.02.20"]

1. d4 Nf6 2. c4 e6 3. Nc3 Bb4 4. e3 O-O 5. Bd3 c5 6. Nf3 b6 7. O-O Bb7 8. Na4
cxd4 9. exd4 Re8 10. Bg5 h6 11. Bh4 Bxf3 12. Qxf3 Nc6 13. Bxf6 Qxf6 14. Qxf6
gxf6 15. d5 Ne5 16. Be2 Rac8 17. a3 Bf8 18. Rac1 f5 19. g3 Rc7 20. Nc3 a6 21.
Na4 Rb8 22. Rfd1 Ra7 23. Nc3 Rc7 24. Na4 Kg7 25. b4 d6 26. h3 Nd7 27. Nc3 Nf6
28. Bd3 Nd7 29. f4 Be7 30. Re1 Nf8 31. dxe6 fxe6 32. g4 fxg4 33. f5 Bg5 34. Rcd1
exf5 35. Bxf5 Rxc4 36. Ne4 Bh4 37. Nxd6 Rc3 38. Re4 Rg3+ 39. Kf1 Rf3+ 40. Ke2
Rf2+ 41. Ke3 Rf3+ 42. Ke2 Rf2+ 43. Kd3 Rd8 44. Rxg4+ Bg5 45. Kc3 Ng6 46. Bc2
Rdf8 47. Rc4 Ne5 48. Rc7+ Kh8 49. h4 Bf6 50. Kb3 Nf3 51. Nf7+ Rxf7 52. Rxf7 Nd4+
53. Rxd4 Bxd4 54. Rh7+ Kg8 55. Rxh6 Bf6 56. Rg6+ Kf7 57. Rg4 b5 1/2-1/2

[Event "Aeroflot Open A 2018"]
[Site "Moscow RUS"]
[Date "2018.02.21"]
[Round "2.44"]
[White "Pichot, Alan"]
[Black "Dragnev, Valentin"]
[Result "1-0"]
[WhiteTitle "GM"]
[BlackTitle "IM"]
[WhiteElo "2552"]
[BlackElo "2461"]
[WhiteFideId "110973"]
[BlackFideId "1634852"]
[EventDate "2018.02.20"]

1. e4 e5 2. Nf3 Nc6 3. Bb5 a6 4. Ba4 Nf6 5. O-O Be7 6. d3 b5 7. Bb3 d6 8. c3 O-O
9. Nbd2 Na5 10. Bc2 c5 11. Re1 Re8 12. Nf1 h6 13. Ng3 Bf8 14. h3 Nc6 15. d4 exd4
16. cxd4 cxd4 17. Nxd4 Bb7 18. Bf4 Nxd4 19. Qxd4 Rc8 20. Bb3 Rc7 21. a4 Rd7 22.
axb5 axb5 23. Rad1 Bc6 24. Rc1 Ba8 25. Qd3 Qb6 26. Kh2 Rdd8 27. Be3 Qb7 28. Bd4
Nd7 29. Nh5 Rxe4 30. Bc2 f5 31. f3 Rxe1 32. Rxe1 g6 33. Re6 gxh5 34. Rg6+ 1-0

[Event "Aeroflot Open A 2018"]
[Site "Moscow RUS"]
[Date "2018.02.21"]
[Round "2.45"]
[White "Lomasov, Semen"]
[Black "Shinkevich, Vitaly"]
[Result "1-0"]
[WhiteTitle "IM"]
[BlackTitle "IM"]
[WhiteElo "2530"]
[BlackElo "2454"]
[WhiteFideId "24164879"]
[BlackFideId "4122690"]
[EventDate "2018.02.20"]

1. d4 Nf6 2. c4 g6 3. Nc3 Bg7 4. e4 O-O 5. Nf3 c6 6. h3 d5 7. e5 Ne4 8. Bd3 Nxc3
9. bxc3 dxc4 10. Bxc4 c5 11. O-O cxd4 12. cxd4 Nc6 13. a4 Bf5 14. Be3 Be4 15.
Rc1 Rc8 16. Ng5 Bd5 17. Bxd5 Qxd5 18. Rc5 Qa2 19. Qb1 Qxb1 20. Rxb1 h6 21. Ne4
b6 22. Rc3 Na5 23. Rbc1 Rxc3 24. Rxc3 f5 25. exf6 exf6 26. Nd6 f5 27. g3 g5 28.
f4 gxf4 29. gxf4 Rf6 30. Rc8+ Bf8 31. Nb5 a6 32. Nc7 Nc4 33. Nd5 Rg6+ 34. Kf2
Nd6 35. Rb8 Ne4+ 36. Ke2 Kf7 37. Rb7+ Ke6 38. Nxb6 Rg2+ 39. Kd3 Nf6 40. Ra7 Rg3
41. Rxa6 Rxh3 42. Nd5+ Kxd5 43. Rxf6 Bd6 44. a5 1-0

[Event "Aeroflot Open A 2018"]
[Site "Moscow RUS"]
[Date "2018.02.21"]
[Round "2.46"]
[White "Abdumalik, Zhansaya"]
[Black "Triapishko, Alexandr"]
[Result "0-1"]
[WhiteTitle "IM"]
[BlackTitle "IM"]
[WhiteElo "2449"]
[BlackElo "2530"]
[WhiteFideId "13703544"]
[BlackFideId "14122286"]
[EventDate "2018.02.20"]

1. e4 c6 2. d4 d5 3. Nc3 dxe4 4. Nxe4 Bf5 5. Ng3 Bg6 6. h4 h6 7. Nf3 e6 8. Ne5
Bh7 9. c3 Nd7 10. f4 Ngf6 11. Qf3 Be7 12. Bc4 O-O 13. O-O Qc7 14. Be3 Nd5 15.
Bxd5 exd5 16. Nh5 f5 17. Qh3 Kh8 18. Rae1 Nf6 19. Ng3 Ne4 20. Nxe4 dxe4 21. Rd1
Rad8 22. Qg3 Bf6 23. Qf2 Rfe8 24. c4 Bg8 25. b3 b6 26. Rd2 Bf7 27. a4 Bh5 28. b4
Rc8 29. Rb1 Qe7 30. g3 Bxe5 31. dxe5 Red8 32. c5 Rxd2 33. Bxd2 Rd8 34. Be3 Rd3
35. Kh2 Bf3 36. cxb6 axb6 37. Bxb6 Qd7 38. Be3 Ra3 39. Bd4 Rxa4 40. Qb2 c5 41.
Bxc5 Qd5 42. Qd4 Ra2+ 43. Rb2 e3 44. Kh3 Bg4+ 45. Kh2 Rxb2+ 46. Qxb2 Qd2+ 0-1

[Event "Aeroflot Open A 2018"]
[Site "Moscow RUS"]
[Date "2018.02.22"]
[Round "3.1"]
[White "Artemiev, Vladislav"]
[Black "Khalifman, Alexander"]
[Result "1/2-1/2"]
[WhiteTitle "GM"]
[BlackTitle "GM"]
[WhiteElo "2697"]
[BlackElo "2614"]
[WhiteFideId "24101605"]
[BlackFideId "4100115"]
[EventDate "2018.02.20"]

1. e4 e5 2. Nf3 Nf6 3. Nxe5 d6 4. Nf3 Nxe4 5. Qe2 Qe7 6. Nc3 Nxc3 7. dxc3 Qxe2+
8. Bxe2 Nc6 9. Be3 Be7 10. O-O-O O-O 11. Rhg1 a6 12. g4 Re8 13. h4 Be6 14. Ng5
Bd7 15. Kb1 Ne5 16. h5 Bb5 17. Bxb5 axb5 18. Nh3 c6 19. Nf4 d5 20. Nd3 Bd6 21.
Nxe5 Bxe5 22. Rde1 Re6 23. Bd2 Rae8 24. Re3 Bd6 25. Rf3 f6 26. a3 h6 27. Kc1 Bc5
28. Kd1 Re4 29. Rg2 R4e6 30. Rd3 Kf7 31. Rf3 1/2-1/2

[Event "Aeroflot Open A 2018"]
[Site "Moscow RUS"]
[Date "2018.02.22"]
[Round "3.2"]
[White "Korobov, Anton"]
[Black "Bologan, Victor"]
[Result "0-1"]
[WhiteTitle "GM"]
[BlackTitle "GM"]
[WhiteElo "2664"]
[BlackElo "2600"]
[WhiteFideId "14105730"]
[BlackFideId "13900048"]
[EventDate "2018.02.20"]

1. d4 d6 2. Nf3 Nf6 3. c4 g6 4. g3 Bf5 5. Bg2 Qc8 6. Qb3 Bg7 7. Nc3 O-O 8. Nh4
Nc6 9. Nxf5 Qxf5 10. e3 e5 11. d5 Na5 12. Qa4 b6 13. e4 Qc8 14. b4 Nb7 15. Qa6
Nd7 16. Bd2 f5 17. h4 Nb8 18. Qa4 a5 19. a3 axb4 20. Qxa8 bxc3 21. Bxc3 Nc5 22.
O-O Nxe4 23. Bxe4 fxe4 24. Rae1 Qh3 25. Rxe4 Nd7 26. Qa4 Rf3 27. Qc2 Nf6 28. Bb4
Nh5 29. Qb1 Bh6 30. a4 Nf4 31. Rxf4 Bxf4 0-1

[Event "Aeroflot Open A 2018"]
[Site "Moscow RUS"]
[Date "2018.02.22"]
[Round "3.3"]
[White "Petrosian, Tigran L."]
[Black "Sethuraman, S.P."]
[Result "1-0"]
[WhiteTitle "GM"]
[BlackTitle "GM"]
[WhiteElo "2589"]
[BlackElo "2646"]
[WhiteFideId "13301616"]
[BlackFideId "5021596"]
[EventDate "2018.02.20"]

1. d4 d5 2. Nf3 e6 3. Bf4 Bd6 4. e3 Nf6 5. Bd3 O-O 6. O-O c5 7. c3 Bxf4 8. exf4
Qb6 9. Qe2 cxd4 10. cxd4 Nc6 11. Rd1 g6 12. g3 Bd7 13. Nc3 Nb4 14. Bb1 Rac8 15.
h4 Nc6 16. Kg2 a6 17. a3 Na5 18. Bd3 Qd6 19. Rh1 Nh5 20. Rac1 f6 21. Rhe1 Nc4
22. Nd1 b5 23. Ne3 Rfe8 24. Rcd1 Bc6 25. Qc2 Bb7 26. Qb1 Re7 27. Re2 Nxf4+ 28.
gxf4 Qxf4 29. b3 e5 30. bxc4 dxc4 31. Bxc4+ Rxc4 32. d5 Rd4 33. Qb3 Rd7 34. Rxd4
exd4 35. Qb4 Bxd5 36. Nxd5 Qg4+ 37. Kh2 1-0

[Event "Aeroflot Open A 2018"]
[Site "Moscow RUS"]
[Date "2018.02.22"]
[Round "3.5"]
[White "Najer, Evgeniy"]
[Black "Antipov, Mikhail Al."]
[Result "0-1"]
[WhiteTitle "GM"]
[BlackTitle "GM"]
[WhiteElo "2683"]
[BlackElo "2598"]
[WhiteFideId "4118987"]
[BlackFideId "4107012"]
[EventDate "2018.02.20"]

1. d4 Nf6 2. c4 c6 3. Nc3 d5 4. Nf3 a6 5. c5 g6 6. Bf4 Nh5 7. Bg5 h6 8. Bd2 Nd7
9. e4 dxe4 10. Nxe4 Ndf6 11. Nc3 Bg4 12. Be3 e6 13. h3 Bxf3 14. Qxf3 Nd5 15. Bc4
Nhf6 16. O-O Bg7 17. Rad1 O-O 18. Rfe1 a5 19. Na4 Qc7 20. Bd2 Rfe8 21. Qb3 Nd7
22. Qd3 b5 23. cxb6 N5xb6 24. Nxb6 Nxb6 25. Rc1 Red8 26. Be3 Qb7 27. Bxe6 fxe6
28. Qxg6 Qf7 29. Qg3 Kh8 30. Rxc6 Nd5 31. Bd2 Re8 32. Re4 a4 33. Kh2 Qf6 34. Be3
Nxe3 35. fxe3 Rac8 36. Ra6 Rc2 37. Ra7 Rg8 38. Rf4 Qd8 39. Rff7 Qg5 40. Qxg5
hxg5 41. Rxa4 Rxb2 42. Kg3 Rb5 43. Raa7 Kh7 44. Rfe7 Rb6 45. a4 Kg6 46. a5 Rd6
47. Kf3 Bf6 48. Reb7 e5 49. dxe5 Bxe5 50. Rb6 Rf8+ 51. Ke4 Re8 52. Kf3 Rf8+ 53.
Ke4 Re8 54. Rxd6+ Bxd6+ 55. Kd5 Bg3 56. e4 Re5+ 57. Kd4 Rb5 58. Ra6+ Kh5 59. Ra8
Bf2+ 60. Kc4 Re5 61. Kd3 Bg1 62. Rh8+ Kg6 63. Ra8 Kf6 64. Rf8+ Kg6 65. Rf1 Ba7
66. Ra1 Kf6 67. a6 Ke6 68. Ra4 Rb5 69. Ke2 Rb3 70. Ra5 Kf6 71. Rf5+ Kg6 72. Re5
Re3+ 73. Kf1 Ra3 74. Re6+ Kf7 75. Rd6 Bb8 76. Rc6 Ra2 77. Rc5 Kf6 78. Rc6+ Ke5
79. h4 g4 80. h5 Kd4 81. h6 Ke3 82. Rc3+ Kd2 83. h7 Be5 84. Rb3 g3 85. Rb1 Rxa6 0-1

[Event "Aeroflot Open A 2018"]
[Site "Moscow RUS"]
[Date "2018.02.22"]
[Round "3.6"]
[White "Maghsoodloo, Parham"]
[Black "Sjugirov, Sanan"]
[Result "1-0"]
[WhiteTitle "GM"]
[BlackTitle "GM"]
[WhiteElo "2594"]
[BlackElo "2652"]
[WhiteFideId "12539929"]
[BlackFideId "4189302"]
[EventDate "2018.02.20"]

1. Nf3 d5 2. g3 Bg4 3. Bg2 Nd7 4. O-O c6 5. d3 Ngf6 6. Qe1 e5 7. e4 Bd6 8. h3
Bh5 9. Nh4 O-O 10. g4 Bg6 11. g5 Nh5 12. exd5 cxd5 13. Nxg6 hxg6 14. Bxd5 Nf4
15. Bxf4 exf4 16. h4 Qc8 17. Qe4 Qxc2 18. Na3 Bxa3 19. bxa3 Nc5 20. Qxg6 Rad8
21. Qf5 Qxd3 22. Qxd3 Nxd3 23. Bxb7 Nc5 24. Bf3 Rd3 25. Kg2 Rxa3 26. Bd5 Rd8 27.
Rfd1 Kf8 28. Rab1 g6 29. Rb4 Ne6 30. Rb3 Rxb3 31. Bxb3 Rxd1 32. Bxd1 Ke7 33. Kf3
f6 34. Kg4 fxg5 35. hxg5 Kf8 36. Bc2 Kg7 37. Bb3 Kf7 38. Bxe6+ Kxe6 39. Kxf4 Kd5
40. Ke3 a5 41. a4 1-0